[Event "Tata Steel India Blitz"]
[Site "Kolkata IND"]
[Date "2021.11.20"]
[Round "7.1"]
[White "Maghsoodloo, Parham"]
[Black "Harika, Dronavalli"]
[Result "1-0"]
[WhiteTitle "GM"]
[BlackTitle "GM"]
[WhiteElo "2706"]
[BlackElo "2511"]
[WhiteFideId "12539929"]
[BlackFideId "5015197"]
[EventDate "2021.11.20"]

1. Nf3 c5 2. c4 g6 3. g3 Bg7 4. Bg2 Nc6 5. Nc3 e5 6. a3 a5 7. O-O Nge7 8. Ne1
O-O 9. Nc2 d6 10. Ne3 Rb8 11. Rb1 Be6 12. d3 Qd7 13. Ned5 Bh3 14. Nb6 Qe6 15.
Ncd5 Bxg2 16. Kxg2 Nf5 17. b4 axb4 18. axb4 Nxb4 19. Nxb4 cxb4 20. Rxb4 Ne7 21.
Rb5 f5 22. f3 f4 23. g4 h5 24. h3 Rfd8 25. Bd2 Kh8 26. Be1 Bf6 27. Qb3 Nc6 28.
Bf2 Kg7 29. Nd5 Rd7 30. Nc3 Qe7 31. Ne4 Bh4 32. Bg1 Bg3 33. Rb1 hxg4 34. fxg4
Rh8 35. Rxb7 Rxh3 36. Rxd7 Qxd7 37. Qb7 Qxb7 38. Rxb7+ 1-0

[Event "Tata Steel India Blitz"]
[Site "Kolkata IND"]
[Date "2021.11.20"]
[Round "7.3"]
[White "Nihal, Sarin"]
[Black "Sadhwani, Raunak"]
[Result "0-1"]
[WhiteTitle "GM"]
[BlackTitle "GM"]
[WhiteElo "2650"]
[BlackElo "2609"]
[WhiteFideId "25092340"]
[BlackFideId "35093487"]
[EventDate "2021.11.20"]

1. d4 Nf6 2. Nf3 g6 3. Bg5 Bg7 4. Nbd2 O-O 5. e3 c5 6. c3 d6 7. Bc4 d5 8. Bd3
Qb6 9. Rb1 Nc6 10. O-O Bf5 11. Bxf5 gxf5 12. Bxf6 Bxf6 13. b4 cxb4 14. cxb4 e6
15. Ne1 Rac8 16. Nd3 Ne7 17. Nf3 Qd6 18. g3 Rc7 19. Qa4 b6 20. Rbc1 Rfc8 21.
Rxc7 Rxc7 22. Qe8+ Kg7 23. Nf4 Rc8 24. Qa4 Qc7 25. Kg2 Kg8 26. Nh5 Bg7 27. h3
Ng6 28. Qa6 Bf8 29. a3 Be7 30. g4 fxg4 31. hxg4 Rf8 32. Qd3 f5 33. gxf5 Rxf5 34.
Ng3 Rf8 35. Rh1 Bf6 36. Nh5 Qf7 37. Rh3 Kh8 38. Kf1 a5 39. Ke2 Be7 40. bxa5 bxa5
41. Nf4 Qxf4 42. exf4 Nxf4+ 43. Kd2 Nxd3 44. Kxd3 Bxa3 45. Ng5 Kg8 46. Ke2 Bd6
47. Nxe6 a4 48. Nxf8 Bxf8 49. Rh5 a3 50. Rxd5 Bb4 51. Rd7 h5 52. Ra7 Kf8 53. d5
Bd6 54. Kd3 h4 55. Ke2 h3 56. Kf1 Bh2 57. f3 Bd6 58. Ke2 h2 59. Ra8+ Kg7 0-1

[Event "Tata Steel India Blitz"]
[Site "Kolkata IND"]
[Date "2021.11.20"]
[Round "7.4"]
[White "Shankland, Sam"]
[Black "Le, Quang Liem"]
[Result "1-0"]
[WhiteTitle "GM"]
[BlackTitle "GM"]
[WhiteElo "2708"]
[BlackElo "2709"]
[WhiteFideId "2004887"]
[BlackFideId "12401137"]
[EventDate "2021.11.20"]

1. Nf3 d5 2. g3 c6 3. Bg2 Bg4 4. O-O e6 5. d3 Nf6 6. c4 dxc4 7. dxc4 Qxd1 8.
Rxd1 Nbd7 9. Nc3 Bb4 10. Bd2 O-O-O 11. a3 Be7 12. Be3 Nb6 13. Ne5 Bh5 14. Bf3
Bg6 15. Bg5 Rxd1+ 16. Rxd1 Rd8 17. Rc1 Nfd5 18. Bxe7 Nxe7 19. c5 Nbd5 20. Nc4
Nxc3 21. Rxc3 Kc7 22. h4 f6 23. Nd6 h6 24. Kg2 Nf5 25. h5 Bh7 26. Be4 Rh8 27.
Bxf5 Bxf5 28. Nxf5 exf5 29. Re3 Kd7 30. Kf3 b6 31. cxb6 axb6 32. Kf4 Ra8 33.
Kxf5 Ra5+ 34. Kg6 Rg5+ 35. Kf7 c5 36. Re4 Rxh5 37. Kxg7 Rd5 38. Kxf6 Rd2 39. b3
b5 40. f4 Rb2 41. f5 Rxb3 42. g4 Rxa3 43. Kg7 b4 44. f6 Ra8 45. Re7+ Kd6 46. Rb7
Kc6 47. Re7 b3 48. Re6+ Kb5 49. Re7 Kc6 50. Re6+ Kb5 51. f7 b2 52. Re8 b1=Q 53.
Rxa8 Qb2+ 54. Kg8 Qxe2 55. f8=Q Qxg4+ 56. Kh7 Qe4+ 57. Kxh6 Qh4+ 58. Kg6 Qg4+
59. Kf6 Qf4+ 60. Ke6 Qe4+ 61. Kd6 Qd4+ 62. Kc7 Qe5+ 63. Qd6 Qg7+ 64. Qd7+ Qxd7+
65. Kxd7 c4 66. Rc8 Kb4 67. Kd6 c3 68. Kd5 Kb3 69. Kd4 c2 70. Kd3 1-0

[Event "Tata Steel India Blitz"]
[Site "Kolkata IND"]
[Date "2021.11.20"]
[Round "8.1"]
[White "Nihal, Sarin"]
[Black "Shankland, Sam"]
[Result "1-0"]
[WhiteTitle "GM"]
[BlackTitle "GM"]
[WhiteElo "2650"]
[BlackElo "2708"]
[WhiteFideId "25092340"]
[BlackFideId "2004887"]
[EventDate "2021.11.20"]

1. Nf3 d5 2. g3 g6 3. Bg2 Bg7 4. d4 Nf6 5. O-O O-O 6. c3 b6 7. a4 a5 8. Bf4 Nbd7
9. Ne5 Bb7 10. Nd2 e6 11. Nxd7 Nxd7 12. e4 c5 13. exd5 Bxd5 14. Bxd5 exd5 15.
Nf3 Re8 16. Qb3 cxd4 17. cxd4 Rc8 18. Qxd5 Nf6 19. Qxd8 Rexd8 20. Rac1 Nd5 21.
Bg5 f6 22. Bd2 Kf7 23. Rfe1 Bf8 24. Kf1 h5 25. h4 Bd6 26. Rxc8 Rxc8 27. Rc1
Rxc1+ 28. Bxc1 Ke6 29. Ke2 Ne7 30. Ne1 Kd5 31. Kd3 Nf5 32. Nc2 Be7 33. Bf4 Bd8
34. b4 g5 35. hxg5 fxg5 36. Be5 h4 37. gxh4 gxh4 38. bxa5 bxa5 39. Ne3+ Nxe3 40.
fxe3 h3 41. e4+ Ke6 42. Ke3 Bf6 43. Bh2 Kf7 44. d5 Kg6 45. Kf4 1-0

[Event "Tata Steel India Blitz"]
[Site "Kolkata IND"]
[Date "2021.11.20"]
[Round "8.2"]
[White "Vidit, Santosh Gujrathi"]
[Black "Aronian, Levon"]
[Result "0-1"]
[WhiteTitle "GM"]
[BlackTitle "GM"]
[WhiteElo "2727"]
[BlackElo "2782"]
[WhiteFideId "5029465"]
[BlackFideId "13300474"]
[EventDate "2021.11.20"]

1. d4 d5 2. c4 dxc4 3. Nf3 Nf6 4. e3 e6 5. Bxc4 a6 6. O-O c5 7. Qe2 b5 8. Bd3
Bb7 9. dxc5 Bxc5 10. Bxb5+ axb5 11. Qxb5+ Bc6 12. Qxc5 Bxf3 13. gxf3 Ra5 14. Qc2
Nbd7 15. e4 Qb8 16. f4 O-O 17. Nc3 Rc8 18. Qe2 Nf8 19. Kh1 Ng6 20. Qf3 Qb7 21.
Rd1 h6 22. Rd4 e5 23. fxe5 Rxe5 24. Qe2 Rxc3 25. bxc3 Nxe4 26. Qf3 Nh4 27. Rd8+
Kh7 28. Qd3 Rf5 29. Kg1 Nxf2 30. Qxf5+ Nxf5 31. Kxf2 Qb6+ 0-1

[Event "Tata Steel India Blitz"]
[Site "Kolkata IND"]
[Date "2021.11.20"]
[Round "8.5"]
[White "Le, Quang Liem"]
[Black "Maghsoodloo, Parham"]
[Result "1-0"]
[WhiteTitle "GM"]
[BlackTitle "GM"]
[WhiteElo "2709"]
[BlackElo "2706"]
[WhiteFideId "12401137"]
[BlackFideId "12539929"]
[EventDate "2021.11.20"]

1. d4 Nf6 2. Nf3 d5 3. c4 e6 4. Nc3 dxc4 5. e4 b5 6. e5 Nd5 7. Nxb5 Nb6 8. Be2
Nc6 9. O-O Be7 10. Qd2 O-O 11. Rd1 Nb4 12. Qf4 Ba6 13. Nc3 Nd3 14. Qg4 Kh8 15.
b3 Nd5 16. Ne4 f5 17. exf6 gxf6 18. Qxe6 Bb5 19. Qf5 Rg8 20. bxc4 Bd7 21. Qxd5
Nb4 22. Qa5 Rb8 23. Bf4 Rb6 24. Bg3 Re6 25. Nc5 Nc6 26. Qd2 Bxc5 27. dxc5 Rg7
28. Rab1 Qe7 29. Bf1 Qxc5 30. Nd4 1-0

[Event "Tata Steel India Blitz"]
[Site "Kolkata IND"]
[Date "2021.11.20"]
[Round "9.2"]
[White "Shankland, Sam"]
[Black "Sadhwani, Raunak"]
[Result "1-0"]
[WhiteTitle "GM"]
[BlackTitle "GM"]
[WhiteElo "2708"]
[BlackElo "2609"]
[WhiteFideId "2004887"]
[BlackFideId "35093487"]
[EventDate "2021.11.20"]

1. e4 g6 2. d4 d6 3. c4 Bg7 4. Nc3 Nf6 5. Nf3 O-O 6. Be2 e5 7. Be3 Nbd7 8. O-O
h6 9. h3 exd4 10. Nxd4 Re8 11. Qc2 Nc5 12. f3 Nh5 13. Rfd1 Bd7 14. b4 Ne6 15.
Qd2 Kh7 16. Nxe6 Bxe6 17. Rac1 Qh4 18. Bf2 Qg5 19. Qxg5 hxg5 20. Nb5 Nf4 21. Bf1
Re7 22. c5 d5 23. exd5 Nxd5 24. a3 a5 25. Bc4 Nf4 26. Kf1 Bxc4+ 27. Rxc4 axb4
28. axb4 Ra2 29. Re4 Rxe4 30. fxe4 Rb2 31. Nxc7 Rxb4 32. Ne8 Rxe4 33. Nd6 Re7
34. Rb1 Nd3 35. Rxb7 Re6 36. Nxf7 Ra6 37. Nxg5+ Kh6 38. Be3 Ra1+ 39. Ke2 Nc1+
40. Kf3 Ra3 41. Ne4+ g5 42. Ng3 Kg6 43. Rb6+ Kf7 44. Nf5 Bf6 45. c6 Rc3 46. Nd6+
Kg6 47. Ne4 1-0

[Event "Tata Steel India Blitz"]
[Site "Kolkata IND"]
[Date "2021.11.20"]
[Round "9.4"]
[White "Maghsoodloo, Parham"]
[Black "Nihal, Sarin"]
[Result "0-1"]
[WhiteTitle "GM"]
[BlackTitle "GM"]
[WhiteElo "2706"]
[BlackElo "2650"]
[WhiteFideId "12539929"]
[BlackFideId "25092340"]
[EventDate "2021.11.20"]

1. Nf3 Nf6 2. g3 g6 3. b3 Bg7 4. Bb2 b6 5. Bg2 Bb7 6. O-O O-O 7. c4 c5 8. d4
cxd4 9. Qxd4 d6 10. Rd1 Nbd7 11. Nc3 Nc5 12. Rac1 Rc8 13. Ne1 Qd7 14. Nd5 Rfd8
15. h4 h5 16. Nxf6+ Bxf6 17. Qd2 Bxb2 18. Qxb2 b5 19. Bxb7 Qxb7 20. Nf3 Ne6 21.
cxb5 Qxb5 22. Qd2 a5 23. e3 a4 24. b4 a3 25. Rb1 Qf5 26. Ne1 Nc7 27. Qd3 Nb5 28.
Rb3 Qxd3 29. Rdxd3 Rc1 30. Kf1 Ra1 31. Rd5 Rb8 32. Rd2 Rc8 33. e4 Rcc1 34. Re3
e6 35. f4 Rcb1 36. Ree2 Nc3 37. Re3 Nxa2 38. Rxa3 Rxe1+ 39. Kf2 Nxb4 40. Rb3
Reb1 41. Rxb1 Rxb1 42. Rxd6 Rb2+ 43. Kf3 Rb3+ 44. Kg2 Nd3 45. f5 exf5 46. exf5
gxf5 47. Rh6 Ne1+ 48. Kf2 Nd3+ 49. Kg2 f4 50. Rxh5 fxg3 51. Rg5+ Kh7 52. Kxg3
Nc5+ 53. Kg4 Rb4+ 54. Kh3 Ne6 55. Rg1 Nf4+ 56. Kh2 Ng6 57. Rf1 Rxh4+ 58. Kg3 Kg7 0-1

[Event "Tata Steel India Blitz"]
[Site "Kolkata IND"]
[Date "2021.11.20"]
[Round "9.5"]
[White "Aronian, Levon"]
[Black "Harika, Dronavalli"]
[Result "1-0"]
[WhiteTitle "GM"]
[BlackTitle "GM"]
[WhiteElo "2782"]
[BlackElo "2511"]
[WhiteFideId "13300474"]
[BlackFideId "5015197"]
[EventDate "2021.11.20"]

1. e4 c5 2. Nf3 Nc6 3. Bb5 g6 4. O-O Bg7 5. d3 e5 6. Bxc6 bxc6 7. c3 Ne7 8. d4
cxd4 9. cxd4 exd4 10. Nxd4 O-O 11. Nc3 h6 12. Re1 Bb7 13. Nb3 Qc7 14. Be3 d5 15.
Bd4 Rfd8 16. Bxg7 Kxg7 17. Qd4+ Kh7 18. Qf6 Ng8 19. Qf3 d4 20. Na4 Bc8 21. Rad1
Be6 22. Nxd4 Bxa2 23. b3 Rab8 24. Nc5 Rb4 25. Na6 Rbxd4 26. Nxc7 1-0

[Event "Tata Steel India Blitz"]
[Site "Kolkata IND"]
[Date "2021.11.21"]
[Round "10.1"]
[White "Sadhwani, Raunak"]
[Black "Vidit, Santosh Gujrathi"]
[Result "0-1"]
[WhiteTitle "GM"]
[BlackTitle "GM"]
[WhiteElo "2609"]
[BlackElo "2727"]
[WhiteFideId "35093487"]
[BlackFideId "5029465"]
[EventDate "2021.11.20"]

1. c4 c5 2. Nf3 Nf6 3. Nc3 Nc6 4. g3 d5 5. cxd5 Nxd5 6. Bg2 Nc7 7. O-O e5 8. a3
Rb8 9. Rb1 f6 10. d3 Be7 11. Be3 Be6 12. Ne4 b6 13. b4 cxb4 14. axb4 O-O 15. Bd2
Nb5 16. Qa4 Nbd4 17. Nxd4 Nxd4 18. e3 Ne2+ 19. Kh1 Qxd3 20. Qxa7 Rfe8 21. Rbd1
Bb3 22. Rde1 Bd5 23. Bc1 Bxe4 24. Qa2+ Kh8 25. Qxe2 Qxe2 26. Rxe2 Bd3 27. Rb2
Bxf1 28. Bxf1 Red8 29. Be2 Rbc8 30. Bd2 Rc7 31. Kg2 Rdc8 32. Bd1 f5 33. Bb3 Rd8
34. Be6 g6 35. Ra2 Kg7 36. Kf1 Kf6 37. Bb3 Rdd7 38. Ke2 Ra7 39. Rc2 Rdc7 40. Rb2
Bd6 41. Bd5 e4 42. b5 Be5 43. Rb1 Rc2 44. Kd1 Rxd2+ 45. Kxd2 Rd7 0-1

[Event "Tata Steel India Blitz"]
[Site "Kolkata IND"]
[Date "2021.11.21"]
[Round "10.3"]
[White "Aronian, Levon"]
[Black "Le, Quang Liem"]
[Result "1-0"]
[WhiteTitle "GM"]
[BlackTitle "GM"]
[WhiteElo "2782"]
[BlackElo "2709"]
[WhiteFideId "13300474"]
[BlackFideId "12401137"]
[EventDate "2021.11.20"]

1. e4 e5 2. Nf3 Nc6 3. Bb5 a6 4. Ba4 Nf6 5. O-O Be7 6. Re1 b5 7. Bb3 d6 8. c3
O-O 9. h3 Bb7 10. d3 Na5 11. Bc2 c5 12. Nbd2 Re8 13. Nf1 h6 14. Ng3 Bf8 15. d4
exd4 16. cxd4 cxd4 17. Nxd4 Rc8 18. a4 Nc6 19. Nxc6 Bxc6 20. Bf4 Qb6 21. Be3 Qb7
22. axb5 Bxb5 23. Bd4 Nd7 24. Nf5 Ne5 25. Ra3 g6 26. Rg3 Kh7 27. f4 gxf5 28.
fxe5 f4 29. exd6 fxg3 30. e5+ Rxc2 31. Qxc2+ Kg8 32. Re3 Bg7 33. Rxg3 Qd5 34.
Bc3 Qc5+ 35. Kh2 Rxe5 36. Qd2 Rg5 37. d7 1-0

[Event "Tata Steel India Blitz"]
[Site "Kolkata IND"]
[Date "2021.11.21"]
[Round "10.4"]
[White "Erigaisi, Arjun"]
[Black "Nihal, Sarin"]
[Result "0-1"]
[WhiteTitle "GM"]
[BlackTitle "GM"]
[WhiteElo "2627"]
[BlackElo "2650"]
[WhiteFideId "35009192"]
[BlackFideId "25092340"]
[EventDate "2021.11.20"]

1. c4 Nf6 2. Nc3 e5 3. e3 Nc6 4. Qb3 g6 5. Nf3 Bg7 6. d3 O-O 7. Be2 Re8 8. O-O
d6 9. Rd1 b6 10. a3 Bb7 11. e4 Nd7 12. Bg5 Nd4 13. Nxd4 Qxg5 14. Nf3 Qd8 15. Qc2
Nc5 16. b4 Ne6 17. Nd5 h5 18. Qd2 c6 19. Ne3 d5 20. cxd5 cxd5 21. Qa2 Rc8 22. g3
dxe4 23. dxe4 Nd4 24. Nxd4 exd4 25. Bc4 Qc7 26. Bb5 dxe3 27. Rd7 Qe5 28. Qxf7+
Kh7 0-1

[Event "Tata Steel India Blitz"]
[Site "Kolkata IND"]
[Date "2021.11.21"]
[Round "10.5"]
[White "Maghsoodloo, Parham"]
[Black "Shankland, Sam"]
[Result "1-0"]
[WhiteTitle "GM"]
[BlackTitle "GM"]
[WhiteElo "2706"]
[BlackElo "2708"]
[WhiteFideId "12539929"]
[BlackFideId "2004887"]
[EventDate "2021.11.20"]

1. Nf3 d5 2. c4 c6 3. g3 Nf6 4. Bg2 dxc4 5. O-O Nbd7 6. Qc2 Nb6 7. Na3 Be6 8.
Ng5 Bg4 9. Nxc4 Bxe2 10. Ne5 Bh5 11. b4 e6 12. b5 Bd6 13. Bb2 O-O 14. bxc6 Rc8
15. Rac1 Bxe5 16. Bxe5 Bg6 17. Qb2 bxc6 18. Nf3 Be4 19. Rfe1 Bd5 20. Qc2 h6 21.
d4 Qe7 22. a4 Rfd8 23. a5 Nc4 24. Qa4 c5 25. Rxc4 Bxc4 26. Qxc4 cxd4 27. Qd3 Qb4
28. Bxd4 Rc4 29. Rb1 Rcxd4 30. Nxd4 Qxd4 31. Qxd4 Rxd4 32. Rb8+ Kh7 33. Rb7 Rd1+
34. Bf1 Rd7 35. a6 Rxb7 36. axb7 Nd7 37. f4 Kg8 38. Kf2 Kf8 39. Ke3 Ke7 40. Kd4
Kd6 41. Bb5 Nb8 42. g4 g5 43. fxg5 hxg5 44. h3 f6 45. Ba4 Kc7 46. Kc5 Na6+ 47.
Kb5 Kxb7 48. Bb3 Nc7+ 49. Kc5 f5 50. Kd6 f4 51. h4 gxh4 52. Bd1 Kc8 53. Ke7 h3
54. g5 Nd5+ 55. Kxe6 Nc7+ 56. Kf7 Nb5 57. g6 Nd6+ 58. Kf8 Nf5 59. Bg4 h2 60.
Bxf5+ 1-0

[Event "Tata Steel India Blitz"]
[Site "Kolkata IND"]
[Date "2021.11.21"]
[Round "11.2"]
[White "Nihal, Sarin"]
[Black "Aronian, Levon"]
[Result "1/2-1/2"]
[WhiteTitle "GM"]
[BlackTitle "GM"]
[WhiteElo "2650"]
[BlackElo "2782"]
[WhiteFideId "25092340"]
[BlackFideId "13300474"]
[EventDate "2021.11.20"]

1. d4 d5 2. Nf3 Nf6 3. Bf4 c5 4. e3 Nc6 5. Nbd2 Bg4 6. c3 e6 7. Be2 Be7 8. O-O
O-O 9. h3 Bh5 10. Ne5 Bxe2 11. Qxe2 Rc8 12. Ndf3 Nd7 13. Nxc6 Rxc6 14. e4 dxe4
15. Qxe4 Nf6 16. Qe2 Qb6 17. Rad1 Qa6 18. Qxa6 Rxa6 19. dxc5 Bxc5 20. a3 Rc8 21.
Be5 Kf8 22. Bd4 Be7 23. Ne5 Nd5 24. Rd2 f6 25. Nf3 Ra4 26. Rfd1 Kf7 27. Be3 a6
28. Kf1 Rac4 29. Nd4 b5 30. Ke2 Bxa3 31. bxa3 Nxc3+ 32. Kf3 Nxd1 33. Rxd1 Rd8
34. Ke2 e5 35. Nf5 Rc2+ 36. Ke1 Rxd1+ 37. Kxd1 Rc3 38. Bc1 g6 39. Nd6+ Ke6 40.
Ne4 Rc4 41. Nd2 Rc6 42. Nb3 f5 43. Bb2 g5 44. Kd2 h5 45. Nc1 g4 46. hxg4 hxg4
47. Nd3 Rd6 48. Ke2 Rd5 49. Nb4 Rd6 50. Nd3 Rd5 51. Nb4 Rc5 52. Nd3 Rc4 53. Kd2
e4 54. Nf4+ Kd6 55. g3 a5 56. Ng2 b4 57. Ne3 Rc5 58. Bd4 Rc7 59. axb4 axb4 60.
Nxf5+ Kd5 61. Bb2 Kc4 62. Be5 Rc5 63. Ne3+ Kb3 64. Nxg4 Ka2 65. Ke3 b3 66. Bd4
Rd5 67. Bh8 Rd8 68. Bf6 Rd6 69. Be5 Rd5 70. Bh8 Rh5 71. Bd4 Rd5 72. Bh8 1/2-1/2

[Event "Tata Steel India Blitz"]
[Site "Kolkata IND"]
[Date "2021.11.21"]
[Round "11.3"]
[White "Maghsoodloo, Parham"]
[Black "Sadhwani, Raunak"]
[Result "0-1"]
[WhiteTitle "GM"]
[BlackTitle "GM"]
[WhiteElo "2706"]
[BlackElo "2609"]
[WhiteFideId "12539929"]
[BlackFideId "35093487"]
[EventDate "2021.11.20"]

1. Nf3 Nf6 2. g3 g6 3. Bg2 Bg7 4. O-O O-O 5. d3 c5 6. Nbd2 Nc6 7. c3 d5 8. a3 e5
9. e4 a5 10. a4 Qc7 11. Re1 Rd8 12. exd5 Nxd5 13. Qb3 h6 14. Nc4 Be6 15. Nfd2
Rab8 16. Ra3 Kh7 17. h4 f5 18. Qc2 Rf8 19. Ra1 Rbe8 20. Na3 Qd7 21. Nb5 Bg8 22.
Nc4 Rd8 23. Bd2 Nde7 24. Ncd6 Rf6 25. h5 Rxd6 26. Nxd6 Qxd6 27. hxg6+ Qxg6 28.
Be3 b6 29. Rad1 Bd5 30. Bxd5 Nxd5 31. Qe2 Nf6 32. Bc1 Re8 33. Qf3 e4 34. dxe4
fxe4 35. Qh1 Ne5 36. Kg2 Qf5 37. Qh3 Nfg4 38. Bf4 Ng6 39. Be3 Rf8 40. Rd2 N6e5
41. Bf4 Nd3 42. Ree2 Nxf4+ 43. gxf4 Qxf4 44. Qg3 Qf3+ 45. Kg1 h5 46. Qxf3 exf3
47. Re7 Rf6 48. Rd5 Kh6 49. Red7 Rg6 50. R5d6 Nf6+ 51. Kf1 Nxd7 0-1

[Event "Tata Steel India Blitz"]
[Site "Kolkata IND"]
[Date "2021.11.21"]
[Round "11.4"]
[White "Harika, Dronavalli"]
[Black "Vidit, Santosh Gujrathi"]
[Result "1/2-1/2"]
[WhiteTitle "GM"]
[BlackTitle "GM"]
[WhiteElo "2511"]
[BlackElo "2727"]
[WhiteFideId "5015197"]
[BlackFideId "5029465"]
[EventDate "2021.11.20"]

1. e4 d5 2. exd5 Qxd5 3. Nf3 Nf6 4. Be2 g6 5. d4 Bg7 6. O-O O-O 7. c4 Qd8 8. Nc3
c6 9. h3 Nbd7 10. Bf4 b6 11. Re1 Bb7 12. Bf1 e6 13. Ne5 c5 14. Nxd7 Qxd7 15.
dxc5 bxc5 16. Be5 Rfd8 17. Qb3 Qc6 18. Rad1 Nh5 19. Bxg7 Kxg7 20. Qb5 a6 21.
Qxc6 Bxc6 22. g3 Rd4 23. b3 Rad8 24. Bg2 Bxg2 25. Kxg2 Nf6 26. Rc1 Rd2 27. Red1
h5 28. Kf1 R8d3 29. Rxd2 Rxd2 30. Ke1 Rb2 31. Na4 Rxa2 32. Nxc5 a5 33. Rd1 Kf8
34. Rd2 Ra1+ 35. Ke2 Ke7 36. Kf3 g5 37. Rb2 Ra3 38. Ke2 Kd6 39. Nd3 Ne4 40. b4
axb4 41. Rxb4 f5 42. Rb6+ Ke7 43. Rb7+ Kf6 44. Rb2 h4 45. gxh4 gxh4 46. Rc2 Nc3+
47. Kd2 Ne4+ 48. Ke2 Ke7 49. c5 Kd7 50. Ne5+ Kc7 51. f3 Nc3+ 52. Kf2 Nd5 53. Rb2
Nf4 54. c6 Nd3+ 55. Nxd3 Rxd3 56. Rb4 Kxc6 57. Rxh4 Kd5 58. Ra4 e5 59. h4 Rd2+
60. Ke3 Rh2 61. Ra5+ Ke6 62. Ra6+ Kf7 63. Ra5 Kf6 64. Ra6+ Kg7 65. Ra5 Rxh4 66.
Rxe5 Kf6 67. Ra5 Rb4 68. Ra8 Rb3+ 69. Kf2 Ke5 70. Ra4 Rc3 71. Ke2 Kf6 72. Kf2
Kg5 73. Kg3 Rb3 74. Rc4 Ra3 75. Rb4 Rc3 76. Ra4 Rb3 77. Rc4 Ra3 78. Rb4 Rc3 79.
Ra4 Rb3 80. Rc4 1/2-1/2

[Event "Tata Steel India Blitz"]
[Site "Kolkata IND"]
[Date "2021.11.21"]
[Round "11.5"]
[White "Shankland, Sam"]
[Black "Erigaisi, Arjun"]
[Result "1/2-1/2"]
[WhiteTitle "GM"]
[BlackTitle "GM"]
[WhiteElo "2708"]
[BlackElo "2627"]
[WhiteFideId "2004887"]
[BlackFideId "35009192"]
[EventDate "2021.11.20"]

1. d4 Nf6 2. c4 e6 3. Nf3 d5 4. Nc3 Bb4 5. Qa4+ Nc6 6. Bd2 O-O 7. a3 Bxc3 8.
Bxc3 Bd7 9. Qb3 dxc4 10. Qxc4 Rb8 11. e3 b5 12. Qb3 a5 13. Be2 a4 14. Qc2 b4 15.
axb4 Nxb4 16. Qc1 Nbd5 17. O-O Nxc3 18. bxc3 c5 19. Ne5 Qa5 20. Qa3 cxd4 21.
cxd4 Rb4 22. Nd3 Rb6 23. Nc5 Ra8 24. Bf3 Ra7 25. Rfc1 Be8 26. h3 h6 27. Nd3 Rb8
28. Ne5 Rc7 29. Nc6 Bxc6 30. Bxc6 Rbc8 31. Rc5 Qb6 32. Bxa4 Rxc5 33. dxc5 Qxc5
34. Qxc5 Rxc5 35. Bd1 1/2-1/2

[Event "Tata Steel India Blitz"]
[Site "Kolkata IND"]
[Date "2021.11.21"]
[Round "12.1"]
[White "Aronian, Levon"]
[Black "Shankland, Sam"]
[Result "0-1"]
[WhiteTitle "GM"]
[BlackTitle "GM"]
[WhiteElo "2782"]
[BlackElo "2708"]
[WhiteFideId "13300474"]
[BlackFideId "2004887"]
[EventDate "2021.11.20"]

1. e4 c5 2. Nf3 d6 3. d4 cxd4 4. Nxd4 Nf6 5. Nc3 Nc6 6. Bg5 e6 7. Qd2 a6 8.
O-O-O Bd7 9. Kb1 Nxd4 10. Qxd4 Be7 11. h4 b5 12. f3 Qc7 13. g4 O-O 14. Bc1 Rfc8
15. g5 Ne8 16. Bd3 b4 17. Ne2 Bb5 18. h5 e5 19. Qd5 Bd7 20. Qb3 a5 21. c4 Be6
22. Ng3 Bxc4 23. Bxc4 Qxc4 24. Qxc4 Rxc4 25. Nf5 Bf8 26. Bd2 Rac8 27. Rc1 g6 28.
hxg6 fxg6 29. Ne3 Rxc1+ 30. Rxc1 Rxc1+ 31. Kxc1 Be7 32. Nc4 Bd8 33. Kc2 a4 34.
b3 axb3+ 35. Kxb3 Kf7 36. Kxb4 Ke6 37. a4 d5 38. exd5+ Kxd5 39. a5 Nc7 40. Ne3+
Kc6 41. Ng4 Kd6 42. Kc4 Ke6 43. Be3 Nd5 44. a6 Nxe3+ 45. Nxe3 Bb6 46. Nd5 Ba7
47. Nf6 h5 48. Kd3 Kf5 49. Ne4 Kf4 50. Ke2 h4 51. Nf2 Kg3 52. Ne4+ Kg2 53. Nd6
h3 54. Nb5 Bb6 55. Nc3 h2 56. Nd5 Ba7 0-1

[Event "Tata Steel India Blitz"]
[Site "Kolkata IND"]
[Date "2021.11.21"]
[Round "12.2"]
[White "Erigaisi, Arjun"]
[Black "Maghsoodloo, Parham"]
[Result "0-1"]
[WhiteTitle "GM"]
[BlackTitle "GM"]
[WhiteElo "2627"]
[BlackElo "2706"]
[WhiteFideId "35009192"]
[BlackFideId "12539929"]
[EventDate "2021.11.20"]

1. e4 e6 2. d4 d5 3. e5 c5 4. c3 Qb6 5. Nf3 Bd7 6. Bd3 Bb5 7. O-O Bxd3 8. Qxd3
Nc6 9. dxc5 Bxc5 10. b4 Bf8 11. a4 Nge7 12. b5 Na5 13. h4 h5 14. Re1 Nf5 15. Bg5
Bc5 16. Ra2 Nc4 17. Rae2 a6 18. bxa6 Qxa6 19. Nbd2 Nxd2 20. Qxd2 Qxa4 21. Rb1 b6
22. Kh2 Qc4 23. g3 Ra3 24. Rc1 Kd7 25. Ne1 Rha8 26. Nd3 Ra2 27. Rc2 Rxc2 28.
Qxc2 Ra3 29. Nxc5+ Qxc5 30. Qb1 Kc6 31. Kg2 Qc4 32. Qb2 Rxc3 33. Rd2 Kb7 34. Qa1
Rc1 0-1

[Event "Tata Steel India Blitz"]
[Site "Kolkata IND"]
[Date "2021.11.21"]
[Round "12.4"]
[White "Vidit, Santosh Gujrathi"]
[Black "Le, Quang Liem"]
[Result "1/2-1/2"]
[WhiteTitle "GM"]
[BlackTitle "GM"]
[WhiteElo "2727"]
[BlackElo "2709"]
[WhiteFideId "5029465"]
[BlackFideId "12401137"]
[EventDate "2021.11.20"]

1. d4 Nf6 2. c4 e6 3. Nf3 d5 4. Nc3 c5 5. cxd5 cxd4 6. Qxd4 exd5 7. e4 dxe4 8.
Qxd8+ Kxd8 9. Ng5 Be6 10. a3 Nbd7 11. g3 Bc5 12. Nxe6+ fxe6 13. Bg2 Ne5 14. Ke2
Nd3 15. Rd1 Ke7 16. Nxe4 Nxc1+ 17. Raxc1 Nxe4 18. Bxe4 Bd6 19. Rd2 Rad8 20. Bxb7
Be5 21. Rxd8 Rxd8 22. b3 Bb2 23. Rc7+ Rd7 24. Rxd7+ Kxd7 25. a4 Bc3 26. Be4 h6
27. f4 a5 28. Kf3 Ke7 29. g4 Kf6 30. h4 g5 31. fxg5+ hxg5 32. h5 Kg7 33. Bd3 Bb4
34. Bc4 e5 35. Ke4 Kh6 36. Kxe5 Bc3+ 37. Kf5 Bb4 38. Bd5 Bc3 39. Ke6 Bb4 40. Be4
Bc3 41. Kf7 Bb4 42. Bf5 Bc3 43. Kg8 Bb4 44. Kf7 Bc3 45. Bd3 Bb4 46. Ke6 Bc3 47.
Kd5 Bb4 48. Kc4 Kg7 49. Kb5 Kh6 50. Be4 Kg7 51. Bc2 Kh6 52. Kc6 Kg7 1/2-1/2

[Event "Tata Steel India Blitz"]
[Site "Kolkata IND"]
[Date "2021.11.21"]
[Round "12.5"]
[White "Sadhwani, Raunak"]
[Black "Harika, Dronavalli"]
[Result "1-0"]
[WhiteTitle "GM"]
[BlackTitle "GM"]
[WhiteElo "2609"]
[BlackElo "2511"]
[WhiteFideId "35093487"]
[BlackFideId "5015197"]
[EventDate "2021.11.20"]

1. b3 Nf6 2. Bb2 g6 3. Nf3 Bg7 4. g3 O-O 5. Bg2 d5 6. c4 Nc6 7. d4 a5 8. O-O a4
9. Nbd2 a3 10. Bc3 Ne4 11. Nxe4 dxe4 12. Ne5 Nxe5 13. dxe5 Bf5 14. h3 h5 15. Kh2
c6 16. Qc1 Kh7 17. Rd1 Qc7 18. Qf4 Bh6 19. Qh4 e3 20. g4 Be6 21. gxh5 Bf5 22.
fxe3 Rad8 23. Rg1 Rg8 24. Be4 Qc8 25. Raf1 Qe6 26. Rf3 Bxe4 27. Qxe4 Rg7 28.
hxg6+ fxg6 29. Rgf1 b5 30. Bb4 bxc4 31. bxc4 Ra8 32. Bc3 Rd8 33. Bb4 Ra8 34. Bc5
Ra4 35. Bd4 Rxc4 36. Qd3 c5 37. Ba1 Rh4 38. Qxa3 Rh5 39. Qxc5 Qxa2 40. Qb5 Qe6
41. e4 Rh4 42. Qd5 Qc8 43. e6 Qb8+ 44. Be5 Qb7 1-0